| 000 | 01311nam0a22003011 4500 | ||
|---|---|---|---|
| 001 | v19\rc\1881853 | ||
| 005 | 20260406105440.0 | ||
| 035 | _a(NLR Aleph) 005260392 | ||
| 090 |
_a5895766 _c5895766 |
||
| 100 | _a20080221d1912 |||y0rusy50 ca | ||
| 101 | 0 | _arus | |
| 102 | _aRU | ||
| 105 | _aa j ||||| | ||
| 200 | 1 |
_aАзбука красоты и здоровья _eКультура тела _fА. Потапова _gС предисл. женщины-врача М.М. Волковой |
|
| 205 | _a2-е изд., доп. и испр. | ||
| 210 |
_aСанкт-Петербург _cтип. т-ва "Грамотность" _d[1912] |
||
| 215 |
_a182 с. _cил. _d20 |
||
| 316 |
_aЭкз. РНБ (37.35.8.1): деф.: тит. л. отсутствует _5NLR: 37.35.8.1 |
||
| 320 | _aБиблиогр.: "Источники" ( в конце текста) | ||
| 700 | 1 |
_8rus _7ca _aПотапова _bА. _cврач _f19 в. _3RU\NLR\AUTH\77112433 _995358 |
|
| 702 | 1 |
_4080 _8rus _7ca _aВолкова _bМ. М. _cврач _f1855-1916 _gМария Михайловна _3RU\NLR\AUTH\77101218 _984144 |
|
| 801 | 0 |
_aRU _bNLR _c20080221 _gpsbo |
|
| 801 | 0 |
_aRU _bRuMoRGB _c20080221 _2psbo |
|
| 801 | 1 |
_aRU _bProSoft-M _c20080221 _2rusmarc |
|
| 801 | 2 |
_aRU _bNLR _c20110704 _2rusmarc |
|
| 852 |
_aNLR _j37.35.8.1 |
||
| 942 | _cBOOK | ||
| 980 | _aNB | ||